000 00458nam a22001457a 4500
003 OSt
008 250830b |||||||| |||| 00| 0 eng d
041 _aeng
082 _a808.06
_bSTA/EZ
100 _aStalin, G.
_97796
245 _aEzhuthum thiruthum punarezhuthum /
_bഎഴുത്തും തിരുത്തും പുനരെഴുത്തും
260 _aThiruvananthapuram :
_bChintha Publishers,
_c2024.
300 _a120 p.
942 _cBK
999 _c19485
_d19485